ბათუმის შოთა რუსთაველის სახელმწიფო უნივერსიტეტის ბიბლიოთეკა

UNIX and Linux System Administration Handbook / (ბიბ.ჩანაწერი № 61318)

000 -LEADER
fixed length control field 01004nam a22002417a 4500
005 - DATE AND TIME OF LATEST TRANSACTION
control field 20240919114255.0
008 - FIXED-LENGTH DATA ELEMENTS--GENERAL INFORMATION
fixed length control field 240206s2018 enk||||| |||| 00| 0 eng d
020 ## - INTERNATIONAL STANDARD BOOK NUMBER
International Standard Book Number 9780134277554x
041 ## - LANGUAGE CODE
Language code of text/sound track or separate title eng
080 ## - UNIVERSAL DECIMAL CLASSIFICATION NUMBER
Universal Decimal Classification number 004.42 U-55
245 ## - TITLE STATEMENT
Title UNIX and Linux System Administration Handbook /
Statement of responsibility, etc. Author : Evi Nemeth, Garth Snyder, Trent Hein, Ben Whaley, Dan Mackin.
250 ## - EDITION STATEMENT
Edition statement Fifth edition
264 ## - PRODUCTION, PUBLICATION, DISTRIBUTION, MANUFACTURE, AND COPYRIGHT NOTICE
Place of production, publication, distribution, manufacture Boston :
Name of producer, publisher, distributor, manufacturer Addison-Wesley,
Date of production, publication, distribution, manufacture, or copyright notice 2018.
300 ## - PHYSICAL DESCRIPTION
Extent 1180 pages :
Other physical details illustrations ;
Dimensions 23 cm.
653 ## - INDEX TERM--UNCONTROLLED
keyword UNIX და Linux სისტემის ადმინისტრირება
653 ## - INDEX TERM--UNCONTROLLED
keyword კომპიუტერული ტექნოლოგიები
700 ## - ADDED ENTRY--PERSONAL NAME
Personal name Nemeth, Evi
Relator term ავტორი
9 (RLIN) 21205
700 ## - ADDED ENTRY--PERSONAL NAME
Personal name Snyder, Garth
Relator term ავტორი
9 (RLIN) 21206
700 ## - ADDED ENTRY--PERSONAL NAME
Personal name Hein, Trent
Relator term ავტორი
9 (RLIN) 21207
700 ## - ADDED ENTRY--PERSONAL NAME
Personal name Whaley, Ben
Relator term ავტორი
9 (RLIN) 21208
700 ## - ADDED ENTRY--PERSONAL NAME
Personal name Mackin, Dan
Relator term ავტორი
9 (RLIN) 21209
942 ## - ADDED ENTRY ELEMENTS (KOHA)
Source of classification or shelving scheme
Koha item type წიგნი
ეგზემპლარები
Withdrawn status Lost status Source of classification or shelving scheme Damaged status Not for loan Permanent Location Current Location Shelving location Date acquired Cost, normal purchase price Full call number Barcode Date last seen Copy number Price effective from Koha item type Public note
          ბათუმის შოთა რუსთაველის სახელმწიფო უნივერსიტეტის მთავარი ბიბლიოთეკა ბათუმის შოთა რუსთაველის სახელმწიფო უნივერსიტეტის მთავარი ბიბლიოთეკა წიგნსაცავი 2024-02-06 234.00 004.42 U-55 67236 2024-02-06 67236 2024-02-06 წიგნი 234 ლ.